000 00557nam a2200193Ia 4500
005 20250923145109.0
008 008 250917s9999 xx 000 0 eng d
037 _aTextual
040 _aDSWL
_beng
_cDSWL
041 _aeng
_2eng
084 _qDSWL
245 0 _aPunjabi census Atlas , Vol. XIII Part-IX
_cby Census of India 1961
260 _aDelhi
_bSupttd of Census operations Punjab (Manager of Publications )
_c1966
300 _axviii,108 p.
365 _aINR
_b30.50
925 _g30.50
942 _cTEXL
999 _c1447044
_d1447044